FC Liverpool Champions League Kader 2018/2019 - Statistiken

Allgemein
  • Dieses Quiz wurde 775 mal gespielt
  • Das Durchschnittsergebnis liegt bei 14 aus 20
Antwortstatistiken
Antwort % Korrekt
Mohamed Salah
99%
Virgil van Dijk
98%
Alisson
97%
Sadio Mane
97%
Trent Alexander-Arnold
96%
Andrew Robertson
93%
Roberto Firmino
93%
Jordan Henderson
91%
Joel Matip
88%
Divock Origi
76%
Fabinho
72%
James Milner
72%
Joe Gomez
72%
Georginio Wijnaldum
58%
Naby Keita
45%
Dejan Lovren
35%
Xherdan Shaqiri
34%
Adam Lallana
23%
Daniel Sturridge
18%
Alberto Moreno
17%
Keine übereinstimmenden Quizze gefunden
Verteilung der Resultate
Anzahl Personen mit jedem Resultat
Perzentil nach korrekt beantworteten Fragen
Ihre Resultats-Entwicklung
Sie haben dieses Quiz noch nicht gespielt